<?xml version="1.0" encoding="UTF-8"?>
<record
    xmlns:xsi="http://www.w3.org/2001/XMLSchema-instance"
    xsi:schemaLocation="http://www.loc.gov/MARC21/slim http://www.loc.gov/standards/marcxml/schema/MARC21slim.xsd"
    xmlns="http://www.loc.gov/MARC21/slim">

  <leader>01093nam a2200253 i 4500</leader>
  <controlfield tag="001">bg</controlfield>
  <datafield tag="100" ind1="1" ind2=" ">
    <subfield code="a">KOSTECKI, Maciej</subfield>
  </datafield>
  <datafield tag="245" ind1="1" ind2="0">
    <subfield code="a">Zbiornik Paprocany :</subfield>
    <subfield code="b">limnologia - hydrobiologia /</subfield>
    <subfield code="c">Maciej Kostecki, Mariola Krodkiewska.</subfield>
  </datafield>
  <datafield tag="260" ind1=" " ind2=" ">
    <subfield code="a">Zabrze :</subfield>
    <subfield code="b">Instytut Podstaw In&#x17C;ynierii &#x15A;rodowiska PAN,</subfield>
    <subfield code="c">2005.</subfield>
  </datafield>
  <datafield tag="300" ind1=" " ind2=" ">
    <subfield code="a">101 s. :</subfield>
    <subfield code="b">il. (w tym kolr.) ;</subfield>
    <subfield code="c">24 cm.</subfield>
  </datafield>
  <datafield tag="490" ind1="1" ind2=" ">
    <subfield code="a">Works &amp; Studies / Institute of Environmental Engineering of the Polish Academy of Sciences / Instytut Podstaw In&#x17C;ynierii &#x15A;rodowiska Polskiej Akademii Nauk =</subfield>
    <subfield code="a">Prace i Studia,</subfield>
    <subfield code="x">0208-4112 ;</subfield>
    <subfield code="v">no. 65</subfield>
  </datafield>
  <datafield tag="500" ind1=" " ind2=" ">
    <subfield code="a">Streszcz. ang.</subfield>
  </datafield>
  <datafield tag="504" ind1=" " ind2=" ">
    <subfield code="a">Bibliogr. s. 95-97.</subfield>
  </datafield>
  <datafield tag="651" ind1=" " ind2="9">
    <subfield code="a">Tychy (woj. &#x15B;l&#x105;skie)</subfield>
    <subfield code="x">Jezioro Paproca&#x144;skie</subfield>
    <subfield code="x">ekologia</subfield>
  </datafield>
  <datafield tag="651" ind1=" " ind2="9">
    <subfield code="a">Tychy (woj. &#x15B;l&#x105;skie)</subfield>
    <subfield code="x">Jezioro Paproca&#x144;skie</subfield>
    <subfield code="x">hydrologia</subfield>
  </datafield>
  <datafield tag="830" ind1=" " ind2="0">
    <subfield code="a">Works &amp; Studies (Institute of Environmental Engineering of the Polish Academy of Sciences) ;</subfield>
    <subfield code="v">no. 65</subfield>
  </datafield>
  <datafield tag="020" ind1=" " ind2=" ">
    <subfield code="a">8392151461</subfield>
  </datafield>
  <datafield tag="040" ind1=" " ind2=" ">
    <subfield code="c">BPK</subfield>
  </datafield>
  <datafield tag="041" ind1="0" ind2=" ">
    <subfield code="a">pol</subfield>
    <subfield code="b">eng</subfield>
  </datafield>
  <datafield tag="080" ind1=" " ind2=" ">
    <subfield code="a">556.5:574.5](438)</subfield>
  </datafield>
  <datafield tag="920" ind1=" " ind2=" ">
    <subfield code="a">83-921514-6-1</subfield>
  </datafield>
  <datafield tag="942" ind1=" " ind2=" ">
    <subfield code="c">KS</subfield>
  </datafield>
  <controlfield tag="008">      s        pl     f     |000 0 pol  </controlfield>
  <datafield tag="999" ind1=" " ind2=" ">
    <subfield code="c">52606</subfield>
    <subfield code="d">52606</subfield>
  </datafield>
  <datafield tag="856" ind1=" " ind2=" ">
    <subfield code="u">http://koha.tu.koszalin.pl/cgi-bin/koha/opac-detail.pl?biblionumber=52606</subfield>
    <subfield code="y">Katalog online BPK</subfield>
  </datafield>
  <datafield tag="952" ind1=" " ind2=" ">
    <subfield code="0">0</subfield>
    <subfield code="1">0</subfield>
    <subfield code="4">0</subfield>
    <subfield code="7">1</subfield>
    <subfield code="a">ELBUD</subfield>
    <subfield code="b">ELBUD</subfield>
    <subfield code="c">b</subfield>
    <subfield code="o">81229</subfield>
    <subfield code="p">02347479</subfield>
    <subfield code="t">556 H</subfield>
    <subfield code="y">KS</subfield>
  </datafield>
</record>
